书目信息 |
| 题名: |
传热学
|
|
| 作者: | 赵镇南 | |
| 分册: | ||
| 出版信息: | 北京 高等教育出版社 2008 |
|
| 页数: | 507页 | |
| 开本: | 23cm | |
| 丛书名: | 普通高等教育“十一五”国家级规划教材 | |
| 单 册: | ||
| 中图分类: | TK124 | |
| 科图分类: | ||
| 主题词: | 传热学--教材--高等学校 | |
| 电子资源: | ||
| ISBN: | 978-7-04-023930-0 | |
| 000 | 01538nam0 2200265 450 | |
| 001 | 394 | |
| 005 | 20160905102831.96 | |
| 010 | @a978-7-04-023930-0@dCNY37.40 | |
| 100 | @a20080710d2008 am y0chiy0110 ea | |
| 101 | 0 | @achi |
| 102 | @aCN@b110000 | |
| 105 | @aa z 000yy | |
| 200 | 1 | @a传热学@9chuan re xue@f赵镇南 |
| 205 | @a2版 | |
| 210 | @a北京@c高等教育出版社@d2008 | |
| 215 | @a507页@c图@d23cm | |
| 225 | 2 | @a普通高等教育“十一五”国家级规划教材@9pu tong gao deng jiao yu shi yi wu guo jia ji gui hua jiao cai |
| 330 | @a全书仍保持了第一版的体系和风格。在总共10章内容中,以能量守恒原理为主线分别介绍了导热、对流和辐射传热的基本原理、计算方法以及热交换器的热设计计算。本书把建立清晰的物理概念,学习掌握正确的建模和求解方法,培养良好思维习惯从而切实提高解决工程问题的能力放在突出地位,强化了对基本概念的讨论和对工程传热问题的分析,引进的一些新内容拓展了本书的应用范围,使其工程实用性明显增强。对传热研究的近期发展也做了简要的介绍。例题总量增至77道,向基础概念的深入理解倾斜,每个例题均有深入的分析和讨论。新增和修改的习题侧重对基础概念的理解和传热的综合应用。习题中仍保留大约20%的参数分析和设计型题目。 | |
| 333 | @a使用对象:高等学校高等学校能源动力类、化工与制药类、航空航天类、机械类、环境与安全类、交通运输类、武器类以及土建类等开设传热学课程各大类专业的学生,考研的学生,企业工程技术人员 | |
| 461 | 0 | @12001 @a普通高等教育“十一五”国家级规划教材 |
| 606 | 0 | @a传热学@j教材@x高等学校 |
| 690 | @aTK124@v4 | |
| 701 | 0 | @a赵镇南@9zhao zhen nan |
| 801 | 0 | @aCN@b唐山师范学院图书馆@c20160722 |
| 905 | @aZUCC@dTK124@e126=2 | |
| 传热学/赵镇南.-2版.-北京:高等教育出版社,2008 |
| 507页:图;23cm.-(普通高等教育“十一五”国家级规划教材) |
| 使用对象:使用对象:高等学校高等学校能源动力类、化工与制药类、航空航天类、机械类、环境与安全类、交通运输类、武器类以及土建类等开设传热学课程各大类专业的学生,考研的学生,企业工程技术人员 |
| ISBN 978-7-04-023930-0:CNY37.40 |
| 全书仍保持了第一版的体系和风格。在总共10章内容中,以能量守恒原理为主线分别介绍了导热、对流和辐射传热的基本原理、计算方法以及热交换器的热设计计算。本书把建立清晰的物理概念,学习掌握正确的建模和求解方法,培养良好思维习惯从而切实提高解决工程问题的能力放在突出地位,强化了对基本概念的讨论和对工程传热问题的分析,引进的一些新内容拓展了本书的应用范围,使其工程实用性明显增强。对传热研究的近期发展也做了简要的介绍。例题总量增至77道,向基础概念的深入理解倾斜,每个例题均有深入的分析和讨论。新增和修改的习题侧重对基础概念的理解和传热的综合应用。习题中仍保留大约20%的参数分析和设计型题目。 |
| ● |
| 相关链接 |
|
|
|
|
正题名:传热学
索取号:TK124/126=2
 
预约/预借
| 序号 | 登录号 | 条形码 | 馆藏地/架位号 | 状态 | 备注 |
| 1 | 901667 | 209016679 | 第二样本阅览室/ [索取号:TK124/126=2] | 在馆 | |
| 2 | 901668 | 209016688 | 第三借阅区/ [索取号:TK124/126=2] | 在馆 | |
| 3 | 901669 | 209016697 | 第三借阅区/ [索取号:TK124/126=2] | 在馆 | |
| 4 | 901670 | 209016704 | 第三借阅区/ [索取号:TK124/126=2] | 在馆 |